[Event "West Wales Open"]
[Site "Swansea"]
[Date "2018.10.19"]
[Round "1"]
[White "Toczek, Grzegorz"]
[Black "Jukes, Sam"]
[Result "0-1"]
[WhiteElo "2318"]
[BlackElo "1998"]
[Annotator "kemen"]
[PlyCount "52"]
[EventDate "2018.10.12"]
[EventType "swiss"]
[EventRounds "5"]
[EventCountry "WLS"]

1. c4 b6 2. Nc3 e6 3. d4 Bb4 4. e4 (4. Qc2) 4... Ne7 (4... Bb7 {main}) 5. Nf3 (
5. Bd3 O-O (5... Nbc6 6. Qb3 d5 7. Nge2 Ba6 8. a3 Ba5 9. Be3 O-O 10. Rd1 Rb8
11. O-O $14 {Franic-Cvorovic, CRO ch tm, Pula 1993,1/2-1/2}) 6. Nge2 f5 7. O-O
Bb7 {Lunn-Rawlinson, 4NCL 2006,1-0 & transposed to 9 other games}) (5. d5 O-O
6. Bd3 Bxc3+ 7. bxc3 e5 8. f3 d6 9. Ne2 Nd7 $11 {Jacobsen-Kroll, Aarhus 1987,1/
2-1/2}) 5... O-O 6. Bd3 d5 (6... Bb7 7. O-O {transposes to a number of games
with about equal results#}) 7. exd5 exd5 8. Bxh7+ $2 {overoptimistic} (8. O-O
$16 {Komodo12}) 8... Kxh7 9. Ng5+ Kg8 10. Qh5 Bf5 $19 {looks like Wh
overlooked that the exchange on d5 enabled the B to come & defend} 11. O-O Bg6
12. Qf3 Nbc6 13. Rd1 dxc4 14. Be3 Bxc3 15. bxc3 Nd5 16. Bd2 Qd7 17. h4 Qf5 18.
Qg3 Rfe8 {Bl is a piece up & his pieces are also better placed} 19. Qh2 Re2 20.
f3 Rae8 21. Ne4 R8xe4 $1 22. fxe4 Qf2+ 23. Kh1 Bxe4 24. Qg1 Qxh4+ (24... Bxg2+
25. Kh2 Qxh4#) 25. Qh2 Bxg2+ 26. Kg1 Qf2# 0-1

[Event "West Wales Open"]
[Site "Swansea"]
[Date "2018.10.12"]
[Round "1"]
[White "Van Kemenade, Julie"]
[Black "Zeidler, Sven P."]
[Result "0-1"]
[WhiteElo "1755"]
[BlackElo "2238"]
[Annotator "kemen"]
[PlyCount "66"]
[EventDate "2018.10.12"]
[EventType "swiss"]
[EventRounds "5"]
[EventCountry "WLS"]

1. e4 Nc6 2. d3 d5 3. Nd2 Nf6 4. g3 (4. Ngf3 {main}) 4... e5 5. Bg2 Bc5 6. Nh3
(6. Ngf3 {main, Wh worried about} Bxf2+ {but} 7. Kxf2 Ng4+ 8. Kg1 Ne3 9. Qe2
Nxc2 10. Rb1 $16) 6... dxe4 7. dxe4 h5 (7... Bg4 8. f3 Bxh3 9. Bxh3 Qd4 10. Qe2
Qd8 11. c3 h5 12. Nb3 Bb6 13. Bg5 Qe7 14. O-O-O {Vinoth Kumar-Kartikeyan, Win
TV op Chennai 2004,1-0}) (7... Be6 8. c3 h6 9. f3 Qe7 10. Qe2 Rd8 11. Nf2 O-O
12. O-O a6 {Vinoth Kumar-Sultana, United Insurance op Dhaka 2009,1-0}) 8. c3 h4
(8... a5) 9. Qe2 Bg4 10. Qc4 (10. f3 Bd7 11. Nb3 Bb6 12. Bg5 Be6 13. Rd1 Qe7
14. f4 (14. Bxh4 Rxh4 (14... Bxh3 15. Bxh3 g5 16. Bxg5 Rxh3 17. Qf1 Rh7 18. h4
Qe6) 15. gxh4 Nh5 $17) (14. Nc1 Bd7 15. b4 hxg3 16. hxg3 O-O-O 17. Nf2 Rxh1+
18. Nxh1 Rh8 $15 {Komodo12}) 14... Bg4 15. Qxg4 Nxg4 16. Bxe7 Kxe7 17. Rd2 Ne3
18. Bf3 Nc4 19. Rc2 Rh6 $17) 10... Bb6 11. Ng5 Qe7 12. h3 (12. f3 Bd7 13. Nb3
hxg3 14. hxg3 Rxh1+ 15. Bxh1 Nh5 $19 {Komodo12}) 12... Bd7 (12... hxg3 13. hxg4
Rxh1+ 14. Bxh1 Nxg4 15. Nf1 Nxf2 16. Nxg3 O-O-O $19 {Komodo12, sacrificing a
piece to keep the K in the middle}) 13. g4 (13. Nf1 O-O-O 14. Qxf7 Qd6 15. Be3
Nb4 16. cxb4 Qxb4+ 17. Bd2 Qxb2 18. Rd1 Ba4 $17 {Komodo12}) (13. Ndf3 {Rudy}
hxg3 14. fxg3 Nh5 $19 15. g4 Ng3 16. Rh2 f6 $19 {Komodo12}) 13... Nxg4 $19 14.
Qxf7+ Qxf7 15. Nxf7 Kxf7 (15... Bxf2+ 16. Ke2 Kxf7 17. hxg4 Bg3 $19 {Komodo12})
16. hxg4 Bxg4 17. Bh3 (17. Bf3 Be6 18. Be2 Raf8 19. Nf3 h3 20. Ng5+ Ke7 21.
Nxe6 Bxf2+ 22. Kd2 Kxe6 23. Bg4+ Kd6 24. Rxh3 Rxh3 25. Bxh3 Rh8 $17) 17... Bh5
(17... Bxh3 18. Rxh3 g5 $19 {Komodo12}) 18. Nc4 (18. Bg2 g5 19. Nf3 Bxf3 (19...
Rag8 20. Nxg5+ Kf6 21. Rxh4 Rxg5 22. Bxg5+ Kxg5 $17 {Komodo12}) 20. Bxf3 Kf6
$17) 18... Bf3 19. Rg1 (19. O-O Bxe4 20. Re1 Bd3 21. Nxe5+ Nxe5 22. Rxe5 Rae8
23. Bf4 Rxe5 24. Bxe5 Re8 25. Rd1 Rxe5 26. Rxd3 Re2 27. Rf3+ Kg6 28. b4 Rxa2
$17 {Komodo12}) 19... Bxe4 $19 20. Nxb6 axb6 21. Bg5 Bf3 22. Kd2 Ra5 23. a4
Rha8 (23... Rd5+ 24. Kc2 Be4+ 25. Kb3 Na5+ 26. Kb4 Bc2 27. Rac1 Bb3 28. c4 Rd3
29. Rc3 c5+ 30. Kb5 Rxc3 31. bxc3 Nxc4 $19 {Komodo12}) 24. b4 (24. Bxh4) 24...
Rxa4 25. Rxa4 Rxa4 26. Bxh4 Ra2+ 27. Ke3 e4 {immobilises the B & cedes bl
squares} (27... Bd5 $17) 28. Bc8 (28. Kf4 $1 {attacking the K with 4 pieces!
Komodo12 ; looks like Wh draws} Rc2 (28... g6 29. b5 Na5 30. Rg5 Ra4 31. Kg3
Nc4 32. Rd5 Nd6 33. Bd8 Rc4 34. Bxc7 Rxc7 35. Rxd6 Rxc3 36. Kf4 $11 {Komodo12})
29. b5 Na5 30. Rg5 Rxc3 31. Rf5+ $11 Ke8 32. Re5+ Kf8 33. Be7+ Kf7 34. Bb4 Rc2
35. Re7+ Kg6 36. Bf5+ Kf6 37. Re6+ Kf7 38. Re7+ {trying to avoid the perpetual
gets Bl mated}) 28... Rc2 $19 29. Bxb7 Rxc3+ 30. Kd2 Rd3+ 31. Kc1 Nxb4 32. Re1
Rd4 33. Bg3 Nd3+ 0-1

[Event "West Wales Open"]
[Site "Swansea"]
[Date "2018.10.12"]
[Round "1"]
[White "Heap, Gerry"]
[Black "McCarthy, Moss"]
[Result "1-0"]
[WhiteElo "2163"]
[BlackElo "1912"]
[Annotator "kemen"]
[PlyCount "47"]
[EventDate "2018.10.12"]
[EventType "swiss"]
[EventRounds "5"]
[EventCountry "WLS"]

1. Nf3 c5 2. g3 Nc6 3. c4 e5 {2nd most frequent} (3... g6 {main}) 4. Nc3 f5 (
4... g6 {main}) 5. d3 Be7 (5... Nf6) 6. Bg2 g5 $5 {an interesting attempt at
throwing Wh off-balance} (6... Nf6 {main}) 7. Nd5 {taking steps in the centre
is usually the best way to deal with a side attack} g4 8. Nd2 Nf6 9. h3 {
challenging Bl's space gain} gxh3 10. Bxh3 (10. Rxh3 {also}) 10... d6 11. e4
O-O (11... Nd4) 12. Nxf6+ (12. Bxf5 Bxf5 13. Nxf6+ Rxf6 14. exf5 Rxf5 15. Qg4+
Rg5 16. Qe6+ Kh8 17. Ne4 Rg7 18. Be3 $16 {Komodo12}) 12... Rxf6 13. Qh5 f4 (
13... Rf7) 14. Bxc8 Rxc8 15. Qxh7+ $18 Kf8 16. Qh8+ Kf7 17. Qh5+ Rg6 18. gxf4
exf4 19. Nf3 Bf6 20. Qf5 (20. Bxf4) 20... Ne5 21. Rh7+ Rg7 22. Ng5+ Kg8 23.
Rxg7+ (23. Qe6+ $1 {Komodo12- even stronger}) 23... Bxg7 24. Qh7+ 1-0

[Event "West Wales Open"]
[Site "Swansea"]
[Date "2018.10.12"]
[Round "1"]
[White "Howells, Chris"]
[Black "Underwood, Jon"]
[Result "0-1"]
[WhiteElo "1904"]
[BlackElo "2114"]
[Annotator "kemen"]
[PlyCount "113"]
[EventDate "2018.10.12"]
[EventType "swiss"]
[EventRounds "5"]
[EventCountry "WLS"]

1. c4 f5 2. Nf3 Nf6 3. g3 g6 4. Bg2 Bg7 5. O-O O-O 6. d3 d6 7. Nc3 e5 {
mainline English vs King's Indian} 8. e4 (8. Rb1 {main}) 8... Nc6 9. Bg5 h6 10.
Bxf6 Qxf6 11. Nd5 Qf7 12. Nh4 Bf6 (12... f4 13. b4 Kh7 14. b5 Nd4 15. Nf3 Ne6
16. Bh3 Nc5 17. Bxc8 Raxc8 18. Rb1 g5 19. d4 Ne6 20. dxe5 dxe5 21. Rb3 c6 22.
bxc6 bxc6 23. Nb4 Nc5 $17 {Tanguy-D Howell, St Affrique op 2001,1-0}) 13. Nxf6+
Qxf6 14. exf5 Bxf5 15. Nxf5 Qxf5 $11 16. f4 exf4 17. Rxf4 Qc5+ 18. Kh1 Rxf4 19.
gxf4 Rf8 20. Qg4 Qf5 21. Qg3 Ne7 (21... Kh7) 22. Re1 Qf6 23. Bxb7 Qxb2 (23...
Rb8) 24. Rxe7 (24. Bd5+ Nxd5 25. Qxg6+ Qg7 26. Qe6+ Kh8 27. Qxd5 Rxf4 $11 {
Komodo12}) 24... Qxb7+ 25. Kg1 Qb1+ 26. Re1 (26. Kg2 Qb2+ 27. Kh3 Qf6 28. Rxc7
Qe6+ 29. Kg2 Qe2+ 30. Kh3 g5 $19 {Komodo12}) 26... Qb6+ 27. Kg2 Qb2+ 28. Kh3
Qf6 $11 29. Re4 Kg7 30. Qe3 Rf7 31. Kg3 a6 32. Re6 Qf5 33. Qd4+ Kh7 34. Re8 (
34. Qe4 $11) 34... Rg7 $11 35. Qe4 Qc5 36. Re7 Qg1+ 37. Kh3 Qa1 (37... Qf1+ 38.
Kg3 Qg1+ {repetition}) 38. d4 (38. Rxg7+ Qxg7 39. f5 gxf5 40. Qxf5+ $11 {
Komodo12}) 38... Qf1+ 39. Kg3 (39. Kh4 $1 Qxc4 40. f5 $11 {Komodo12}) 39...
Qxc4 $15 40. f5 gxf5+ 41. Rxg7+ Kxg7 42. Qxf5 Qc3+ (42... Qxd4 $17) 43. Kg2
Qd2+ 44. Kf1 Qd1+ 45. Kg2 Qe2+ 46. Kg1 Qe3+ 47. Kf1 Qxd4 48. Qd7+ Kf6 $19 (
48... Kg6 $19) 49. Qxc7 Qa1+ 50. Kg2 Qxa2+ 51. Kg3 Qb3+ 52. Kg2 Qd5+ 53. Kg3
Qe5+ 54. Kg2 a5 $19 55. Qd8+ Kg6 (55... Kf5) 56. Qc7 Qc5 57. Qe7 (57. Qe7 Qg5+)
0-1

[Event "West Wales Open"]
[Site "Swansea"]
[Date "2018.10.12"]
[Round "1"]
[White "Van Veelen, Thomas"]
[Black "Harris, Calum"]
[Result "0-1"]
[WhiteElo "2094"]
[BlackElo "1889"]
[Annotator "kemen"]
[PlyCount "34"]
[EventDate "2018.10.12"]
[EventType "swiss"]
[EventRounds "5"]
[EventCountry "WLS"]

1. d4 Nf6 2. c4 g6 3. g3 d5 4. Bg2 c6 5. Nf3 Nbd7 (5... Bg7) 6. O-O Ne4 (6...
Bg7) (6... dxc4 {main lines}) 7. Nc3 (7. b3 Bg7 8. Bb2 {main lines}) (7. cxd5
cxd5 8. Qb3 $16 {Cloud Engines}) 7... Ndf6 8. Ne5 (8. cxd5 Nxc3 9. bxc3 cxd5
10. Ne5 Bg7 11. Qa4+ Bd7 12. Qb3 O-O 13. Bg5 $16 {Komodo12}) 8... Bg7 9. Nxe4 (
9. cxd5 $16) 9... Nxe4 10. cxd5 Qxd5 11. Qd3 (11. Qc2 f5 12. Rd1 O-O 13. f3 Nf6
14. e4 $14 {Komodo12}) 11... f5 (11... Bxe5 12. dxe5 Qxd3 13. exd3 Nc5 14. Rd1
Bf5 15. d4 Nd3 16. Be3 Nxb2 17. Rdc1 $11 {Komodo12}) 12. Bf4 (12. Rd1 $14) (12.
f3 Nc5 13. Qc3 O-O $14) 12... g5 13. Bxg5 $2 (13. Be3 $16) 13... Bxe5 $19 14.
Bxe7 Kxe7 (14... Qxd4 $19) (14... Bxd4 $19) 15. dxe5 Qxe5 (15... Qxd3 16. exd3
Ng5 $19) 16. f3 (16. Qe3 Kf7 $17) 16... Rd8 (16... Qc5+ 17. e3 Rd8 $19 {
Komodo12}) 17. Qe3 Qc5 $19 0-1

[Event "West Wales Open"]
[Site "Swansea"]
[Date "2018.10.12"]
[Round "1"]
[White "Phillips, William"]
[Black "Musson, Adam J"]
[Result "1/2-1/2"]
[WhiteElo "1862"]
[BlackElo "2090"]
[Annotator "kemen"]
[PlyCount "105"]
[EventDate "2018.10.12"]
[EventType "swiss"]
[EventRounds "5"]
[EventCountry "WLS"]

1. d4 d5 2. Nf3 Nf6 3. e3 {The Colle- getting a new look in by the GMs these
days alongside} (3. Bf4 {the London System at the height of fashion}) 3... c5
4. c3 Nc6 5. Bd3 g6 {blunting the B- the ealiest Colle games mainly featured a
decisive Bxh7 after e4 opened up the centre} 6. O-O (6. Nbd2) 6... Bg7 7. Nbd2
O-O 8. dxc5 Nd7 (8... e5 {is a sharp line} 9. e4 Qe7 10. b4 Rd8 $14 {though 3-0
}) 9. e4 (9. Nb3 {main, with roughly equal results} a5 10. a4 Nde5 11. Be2 f5
12. Nxe5 Nxe5 13. f4 Nc6 14. Bf3 Be6 15. Nd4 Bf7 16. Rb1 e5 17. fxe5 Nxe5 18.
b4 Qe7 $11 {Colle-Bogoljubow, Bled 1931,0-1}) 9... Nxc5 10. Bc2 d4 (10... Bg4
11. exd5 (11. h3 dxe4 (11... Bxf3 $15) 12. hxg4 exf3 13. Nxf3 Qc8 14. Be3 $16 {
Ophoff-Daeubler,GER ch Seniors Magdeburg 2015, 1/2-1/2}) 11... Qxd5 12. h3 (12.
Nb3) 12... Bf5 13. Bxf5 Qxf5 14. Nb3 Rfd8 $17 {Nestler-Kouatly, Rome Alfiere
op 1982,1/2-1/2}) (10... Be6 $15 {Komodo12}) (10... dxe4 $15 {Komodo12}) 11.
cxd4 Nxd4 12. Nxd4 Qxd4 13. Nb3 Nxb3 14. Bxb3 Qxe4 15. Re1 {looks as if Wh has
enough play for the pawn} Qb4 {Komodo12} (15... Qh4 {Stockfish8}) 16. Qe2 e6
17. Be3 (17. Bd2 Qh4 18. Qf3 (18. g3 Qh3 19. Qf3 $15) 18... Bxb2 19. Rad1 a5
20. Bc3 Bxc3 21. Qxc3 b5 22. Qe5 a4 23. Rd4 Qh5 24. Qxh5 gxh5 25. Bd1 Bb7 26.
Rb4 Bd5 27. Rxb5 Bxa2 28. Bf3 Bd5 29. Bxd5 exd5 30. Rxd5 a3 $19 {Komodo12})
17... b6 18. Rac1 a5 (18... Bb7 $17) 19. Bc4 (19. Rc4 Qe7 20. Rc6 Ba6 21. Bc4
Bxc4 22. Qxc4 Qb4 23. Rc1 Qxc4 24. R1xc4 Rfd8 25. g3 b5 26. Rc2 Bf6 $17 {
Komodo12}) 19... Bd7 (19... Bb7 $17) 20. b3 (20. Red1 Bc6 21. Bxe6 Bxg2 22. Rc7
$11 {Komodo12- very messy}) 20... b5 21. Bd3 Rfc8 22. Bd2 Bc3 (22... Qd6 $15)
23. Rcd1 Be8 24. Be4 Rab8 25. Bxc3 Rxc3 26. g3 (26. h4 $5) 26... Qc5 27. Qd2 b4
(27... Kg7) 28. Qd6 (28. Qf4) 28... Rc8 (28... Qxd6 29. Rxd6 Bb5 $17) 29. Qxc5
R8xc5 30. Bd3 Bc6 31. Bc4 Kg7 (31... Rc2 $19 32. Ra1 Bd5 33. Bxd5 Rxd5 34. Rec1
Rcd2 35. Kg2 h5 $19 {Komodo12}) 32. Rd2 (32. Rc1 Rf3 33. Rcd1) 32... Kf6 33. f4
h5 34. Kf2 a4 (34... h4 $19 {Komodo12}) 35. Re3 axb3 36. axb3 Bd5 (36... Rc1
$17) 37. Rxc3 bxc3 38. Rc2 $11 Ra5 39. Bxd5 exd5 40. Ke3 Ra3 41. Rxc3 Ra2 42.
h4 Ke6 43. Rd3 Rb2 44. Kd4 Kd6 45. Kc3 Rb1 46. Kc2 Ra1 47. b4 Ra8 48. Rb3 d4
49. b5 Rb8 50. b6 Kc6 51. Kd3 (51. b7 Rxb7 52. Rxb7 Kxb7 53. Kd3 Kc6 54. Kxd4
Kd6 $11) 51... Kc5 (51... Kb7 52. Kxd4 Rc8 $14) 52. b7 Kd5 53. Rb5+ {(draw?)} (
53. Rb5+ {Wh is winning} Kc6 54. Rb4 Kc5 55. Rc4+ $1 Kb6 (55... Kb5 56. Rc7 f6
57. Kxd4 $18 Kb6 58. Rf7 Ka7 59. Rxf6 Rg8 60. Ke5 Kxb7 61. Ke6 {the Bl K is
too far away}) 56. Rxd4 Kb5 (56... Rxb7 57. Rb4+ Kc7 58. Rxb7+ Kxb7 59. Kd4 Kc8
60. Ke5 Kd7 61. Kf6 Ke8 62. f5 gxf5 63. Kxf5 Ke7 64. Kg5 $18) 57. Rd7 f5 (57...
f6 58. Rf7 Kc5 59. Ke4 (59. Rxf6 Rxb7 60. Rxg6 $18) 59... Re8+ 60. Kf3 Rb8 61.
Rxf6 Rxb7 62. Rxg6 Kd4 63. Rd6+ Kc4 (63... Kc5 64. Rh6) 64. f5) 58. Kd4 $18 {
Komodo12}) 1/2-1/2

[Event "West Wales Open"]
[Site "Swansea"]
[Date "2018.10.12"]
[Round "1"]
[White "Fathallah, Joe"]
[Black "Burrows, Mike"]
[Result "1-0"]
[WhiteElo "2067"]
[BlackElo "1857"]
[Annotator "kemen"]
[PlyCount "117"]
[EventDate "2018.10.12"]
[EventType "swiss"]
[EventRounds "5"]
[EventCountry "WLS"]

1. d4 d5 2. c4 e6 3. Nc3 Nf6 4. cxd5 exd5 5. Bg5 Be7 6. e3 h6 7. Bh4 O-O 8. Bd3
Nbd7 (8... c6 {main}) 9. Nge2 Re8 10. Qc2 a6 {rare} (10... c6 {saves a tempo})
11. O-O Nf8 12. Rac1 (12. Rae1 c6 13. f3 Ne6 14. Qd2 g5 15. Bg3 h5 16. f4 g4
17. f5 {Zapata Arbelaes-Olarte Parra, COL ch U16 Villavincencio 2013,1-0}) (12.
h3 c5 13. Rae1 b5 (13... c4 $11) 14. dxc5 (14. Bxf6 Bxf6 15. dxc5 $16) 14...
Bxc5 15. Bxf6 Qxf6 16. Nxd5 $16 {Popovic-Sekulic, Srpska Republic ch tm 2014,
1-0}) 12... c6 13. f3 Be6 14. e4 c5 (14... dxe4 15. fxe4 Ng6 16. Bxf6 Bxf6 17.
e5 Bg5 18. Bxg6 fxg6 19. Rcd1 Kh7 20. Nf4 Bf5 21. Qe2 Qd7 $11 {Komodo12}) 15.
e5 N6d7 16. Bxe7 Qxe7 17. f4 $16 cxd4 (17... c4 18. Bf5 g6 19. Bxe6 fxe6 20.
Rf3 $16 {though Bl has kept f5 under control}) 18. Nxd4 Qc5 (18... Nc5) 19. Qf2
$18 g6 20. Ncb5 Qb6 21. Nc7 Rac8 22. Nxe8 Rxe8 23. f5 (23. Rc3 $18 {Komodo12})
23... gxf5 24. Bxf5 Nxe5 25. Bxe6 (25. Rc3 $18 {Komodo12}) 25... Nxe6 26. Nxe6
Qxf2+ 27. Rxf2 Nd3 (27... Rxe6 28. Rd2 $18) 28. Nc7 Rc8 29. Rfc2 (29. Rcc2 Nxf2
30. Kxf2) 29... Nxc1 30. Rxc1 Rd8 31. Rc5 (31. Kf2) 31... d4 32. Rd5 Rc8 33.
Rd7 b5 34. Kf2 b4 35. Ke2 a5 36. Kd3 Rb8 37. b3 Rb6 38. Rxd4 Rc6 39. Rc4 Rd6+
40. Ke3 Rd1 41. Rc2 (41. Rc5) 41... Kg7 42. Na6 Re1+ 43. Kd4 Re8 44. Nc5 f6 45.
Kc4 Kg6 46. Kb5 Ra8 47. Na6 Kf5 48. Kxa5 Ke4 49. Kb5 f5 50. Nxb4 h5 51. a4 h4
52. Rc4+ Ke3 53. Rxh4 Kf2 54. Rf4+ Kxg2 55. Rxf5 Rb8+ 56. Kc5 Kxh2 57. a5 Kg3
58. a6 Kg4 59. Rf7 1-0

[Event "West Wales Open"]
[Site "Swansea"]
[Date "2018.10.12"]
[Round "1"]
[White "Haigh, Tony"]
[Black "Van Kemenade, Rudy"]
[Result "0-1"]
[WhiteElo "1800"]
[BlackElo "2023"]
[Annotator "kemen"]
[PlyCount "80"]
[EventDate "2018.10.12"]
[EventType "swiss"]
[EventRounds "5"]
[EventCountry "WLS"]

1. d4 d6 2. Nf3 Nf6 3. c4 g6 4. Nc3 Bg7 5. g3 O-O 6. Bg2 Nc6 7. O-O e5 8. Nb5
Qe7 (8... exd4 9. Nfxd4 (9. Nbxd4 Ne5 10. Qb3 Nfd7 11. Bd2 Nxf3+ 12. Nxf3 Nc5
13. Qc2 Bf5 14. Qc1 Re8 15. Bc3 Rxe2 16. Bxg7 Kxg7 17. Nd4 $11 {Rodriguez
Orgaz-Haenen, Gran Canaria Diminguez memorial 2014,1/2-1/2}) 9... Nxd4 10. Nxd4
c6 11. Qb3 d5 {Ladzinski-Piec, POl ch tm U20, 2001,0-1}) (8... a6 {Komodo12} 9.
Nc3 (9. dxe5 Nxe5 10. Na3 (10. Nc3 Nxc4 $15) (10. Nxe5 axb5 11. Nf3 bxc4 $17)
10... Nxf3+ 11. Bxf3 Bh3 12. Re1 Re8 $15) 9... exd4 10. Nxd4 Ne5 11. b3 Re8 $11
{Komodo12 & Foglia-Rago, Ancona Adriatico op 2009,1/2-1/2}) 9. dxe5 (9. d5 $11)
9... dxe5 $15 {Komodo12} 10. Bg5 {Cloud Engines} (10. b3 {expected by Bl} Rd8 {
led via a transposition from the game text to 0-3} 11. Qe1 (11. Qc2 Bf5 12. Qc3
a6 $19 {MacMillen-Larsen, EU ch , ICCF 2015,0-1}) 11... a5 12. e4 (12. Bb2 e4
13. Ng5 Bf5 $15 {[%eval -32767,0] Turner-Trent, 4NCL 2004,0-1}) 12... Nb4 13.
Ba3 Bg4 14. Qe2 c6 15. Nc3 Nd7 $15 {Foguelman-Stein, Mar del Plata
International 1965,0-1}) 10... h6 (10... Be6 11. Nd2 Rfd8 $11 {Komodo12}) 11.
Bd2 (11. Bxf6 {is the only reason for Wh's last move} Bxf6 12. Nc3 Be6 13. Nd5
Bxd5 (13... Qd8 14. Ne1 Bg7 15. Nd3 b6 $11) 14. cxd5 Rad8 15. Nd2 Nd4 16. e3
Nf5 17. Rc1 Bg7 18. Qb3 Nd6 19. Ne4 $14 {Komodo12}) 11... a6 (11... Rd8 12. Nc3
e4 13. Ne1 Be6 $17 {Komodo12}) 12. Nc3 {another piece retreats from an
advanced position} Be6 (12... e4 13. Ne1 Rd8 14. Qc1 Nd4 15. Bxh6 Bg4 16. Bxg7
Kxg7 17. f3 exf3 18. Nxf3 Bxf3 19. Bxf3 c6 $15 {Komodo12, despite the pawn down
}) 13. b3 Rad8 (13... e4 {considered by Bl} 14. Ne1 Rad8 15. Qc1 Nd4 16. Nc2
Nxc2 17. Qxc2 Bf5 18. Qc1 Kh7 $15 {Komodo12}) 14. Qc1 Kh7 (14... e4 15. Ne1 Nd4
16. Bxh6 Bg4 17. f3 exf3 18. exf3 Be6 19. Bxg7 Kxg7 $11 {Komodo12}) 15. e4 Ne8
{defends c7 & guards against Bxh6 tricks after the N gets to d5- leaving more
complexity available} (15... Bg4 16. Nd5 Nxd5 17. cxd5 Bxf3 18. dxc6 Bxg2 19.
Kxg2 b6 20. Qc2 $11) 16. Nd5 Qd7 17. Bc3 (17. Re1) 17... Bg4 (17... Nd4 18.
Nxd4 exd4 19. Bb4 Rg8 20. Rd1 c6 21. Nb6 Qc7 22. c5 $11 {Komodo12}) 18. Ne3 {
and the N again retreats from an advaced post} (18. Qe3 Bxf3 19. Bxf3 Nd4 20.
Rad1 c6 21. Nb6 Qe7 22. Bg2 Nc7 23. b4 Nce6 $11 {Komodo12}) 18... Bxf3 19. Bxf3
Nd4 20. Bg4 {provoking Bl into a move that was being considered anyway} (20.
Qd1 $11) 20... f5 (20... Qc6 21. Nd5 Nf6 $15 {Komodo12}) 21. Bd1 (21. exf5 gxf5
22. Bh5 Nf6 23. Qd1 f4 $15 {Komodo12}) 21... f4 $19 (21... fxe4 {could be
played, but the text follows the logic of the game} 22. Qb1 (22. Bb4 Rg8 23.
Bg4 Qf7 24. Qb2 Nf6 25. Be2 Qe6 $17) 22... Nf6 $19) 22. Ng2 (22. Bg4 {
returning is no use} fxe3 23. Bxd7 Ne2+ 24. Kg2 Nxc1 25. Bxe8 Ne2 {wins a piece
} (25... Nd3 {original idea of Bl} 26. Ba4 e2 $1 {Komodo12-stronger than the
immediate capture on f2} 27. Rh1 Rxf2+ 28. Kg1 Rdf8 29. b4 Rf1+ 30. Kg2 R8f2+
31. Kh3 Rxa1 32. Rxa1 Rf1 $19)) 22... f3 23. Nh4 (23. Ne3 Qh3 $19 (23... Nf6
$19)) 23... Qg4 (23... g5 24. Nf5 Nxf5 25. exf5 Qxf5 (25... e4 26. g4 Bxc3 27.
Qxc3 Nf6 28. h3 h5 $19 {Komodo112}) 26. Bc2 e4 27. Qe3 Nd6 28. Kh1 Bxc3 29.
Qxc3 Ne8 $17 {Komodo121}) 24. Bxd4 exd4 25. Ng2 {and another retreat from the
N that has been on b5 & d5} Qxe4 (25... d3 26. Rb1 Qxe4 $19 {Komodo12}) (25...
Be5 $19 {Komodo12}) 26. Re1 Qc6 27. Nf4 d3 28. Re6 (28. Ne6 d2 $19) 28... Rxf4
{a blunder in calculation, expecting this to be simplest; thinking the N on e8
is a R , thus if Rxc6, Re8 would be a mate} (28... d2 {considered} 29. Qc2 {
would bring the Q into g6}) (28... Qd7 $19 {considered ; as Rxf4 is threatened
& the Wh R has no safe shelter}) (28... Rd6 {simplest- Gerry in pm analysis}
29. Rxd6 Qxd6 30. Rb1 d2 31. Qc2 Rxf4 {Komodo12} 32. gxf4 Qxf4 33. Bxf3 Qxf3
34. Qxd2 Nd6 $19 {Komodo12}) 29. Rxc6 Re4 30. Bxf3 d2 31. Qxd2 $2 {Wh in turn
miscalculates} (31. Qc2 Re1+ 32. Kg2 Rxa1 (32... Bxa1 $2 33. Qxg6+ {missed in
pm analysis} Kh8 34. Qxh6+ Kg8 35. Qg5+ Kf8 36. Qxd8 $18 bxc6 37. Qxd2 Re6 38.
c5 Be5 (38... Bg7 39. Qd7 Re7 40. Qxc6 $18) 39. Bxc6 $18) 33. Qxg6+ Kg8 34.
Bd5+ Kh8 (34... Rxd5 35. Qxe8+ Kh7 36. Qg6+ Kh8 37. Rxc7 Rg1+ 38. Kh3 Rh5+ 39.
Qxh5 d1=Q 40. Rc8+ Kh7 41. Qf5#) 35. Be4 Kg8 36. Qe6+ Kh8 37. Qe7 bxc6 (37...
d1=Q 38. Rxh6+ Kg8 39. Bh7+ Kh8 40. Bg6+ Kg8 41. Qf7#) 38. Qxd8 Bb2 39. Qxe8+
Kg7 40. Bg6 Kf6 41. Qf7+ Ke5 42. Qe7+ Kd4 43. Qe3#) (31. Qf1 {pm analysis} Bxa1
32. Bxe4 d1=Q 33. Rxg6 Qxf1+ 34. Kxf1 Kh8 35. Bxb7 $11 {Komodo12- Wh has
plenty of pawns for the piece}) 31... Rxd2 32. Bxe4 bxc6 33. Re1 Nd6 (33... Bd4
34. Bxg6+ Kxg6 35. Rxe8 Rxf2 $19 {Komodo12}) 34. Bxc6 Nf5 35. Re8 Bd4 36. Rc8
Bxf2+ 37. Kg2 (37. Kf1 Ne3#) (37. Kh1 h5 (37... Bb6 38. c5 Ba5 (38... Bxc5))
38. Rxc7+ Kh6 39. Rd7 Rxa2) 37... Bxg3+ 38. Kf3 Rf2+ 39. Kg4 (39. Ke4 Nd6+ $19)
39... h5+ 40. Kg5 Bh4# 0-1

[Event "West Wales Open"]
[Site "Swansea"]
[Date "2018.10.12"]
[Round "1"]
[White "Jones, Ian Robert"]
[Black "Morgans, Justin"]
[Result "1-0"]
[WhiteElo "2006"]
[BlackElo "1769"]
[Annotator "kemen"]
[PlyCount "39"]
[EventDate "2018.10.12"]
[EventType "swiss"]
[EventRounds "5"]
[EventCountry "WLS"]

1. e4 c5 2. Nf3 d6 3. d4 cxd4 4. Nxd4 Nf6 5. Nc3 a6 6. Be3 e6 7. f3 Be7 (7...
b5) 8. Qd2 Nc6 (8... O-O) 9. O-O-O Bd7 10. Kb1 (10. g4) 10... b5 11. g4 O-O 12.
g5 (12. h4) 12... Ne8 13. Nxc6 $146 {Komodo12} (13. h4 {main}) (13. f4) 13...
Bxc6 14. Ne2 (14. h4 {Cloud Engines}) 14... Qc7 (14... d5 {Komodo12} 15. Nd4
Bb7 16. e5 g6 $16) (14... Bd7 15. h4 e5 $16 {|New Engine}) 15. Nd4 Qb7 16. h4
a5 17. g6 {one of Wh's standard attacking plans to open up the K side} (17.
Nxc6 Qxc6 18. h5 $18 {Komodo12}) 17... hxg6 (17... fxg6 18. h5 (18. Nxe6 Rxf3
$15) 18... gxh5 19. Rxh5 Nf6 20. Rg5 Nxe4 21. fxe4 Bxg5 22. Bxg5 Bxe4 23. Nxe6
Rac8 24. Bd3 Rfe8 25. Nd4 $14 {Komodo12}) 18. h5 $18 e5 (18... Bd7 19. hxg6 (
19. h6 gxh6 20. Bxh6 e5 21. Nf5 $18 (21. Qh2 $18)) 19... fxg6 20. Qh2 (20. Bh3
$18) 20... Kf7 21. Rg1 e5 22. Ne2 $18 {Komodo12}) 19. hxg6 exd4 (19... fxg6 20.
Nxc6 Qxc6 21. Qg2 Kf7 22. Rg1 g5 23. Bxg5 Bxg5 24. Qxg5 Kg8 25. Bh3 $18 g6) 20.
Rh8+ 1-0